000 00987nam a22003017a 4500
001 BR7806496
003 BR-BrBNA
005 20230928085748.0
007 ta
008 230509b bl.||||| |||| 00| 0 por d
040 _aBR-BrBNA
_bpor
_cBiblioteca Nacional de Agricultura
041 _a(Por)
072 _aH20; L73
_b4120
090 _ 4120 BR7806496
100 1 _aBarreto, E.R.M.
110 1 _aUniversidade Federal do Rio de Janeiro, RJ (Brasil). Inst. de Microbiologia
_0Tese (Doutor em Ciencias)
_911134
245 1 _aCaracterizacao de polissacarideos superficiais de diferentes especies de Aspergillus [Aspergilose, fungo, biologia]
260 3 _aRio de Janeiro, RJ (Brasil):
_c1978.
300 _a120 p.
500 _a34 graphs; Summaries (Eng, Por); Bibliography p. 98-120 (142 ref.)
650 _aASPERGILOSE
650 _aFUNGO
650 _aVARIEDADE
650 _aPOLISSACARIDEO
650 _aBIOLOGIA
909 _a202309
_bLucia
_c55
_dLucia Elande
942 _cBK
999 _c26183
_d26183